Amsterdam (ระเบียนเลขที่ 22436)
| 000 -LEADER | |
|---|---|
| fixed length control field | 00591nam a22001937a 4500 |
| 005 - DATE AND TIME OF LATEST TRANSACTION | |
| control field | 20210325185239.0 |
| 008 - FIXED-LENGTH DATA ELEMENTS--GENERAL INFORMATION | |
| fixed length control field | s1996 eng d |
| 020 ## - INTERNATIONAL STANDARD BOOK NUMBER | |
| International Standard Book Number | 0751300381 |
| 041 ## - LANGUAGE CODE | |
| Language code of text/sound track or separate title | eng |
| 050 ## - LIBRARY OF CONGRESS CALL NUMBER | |
| Classification number | DJ411.A53 A47 1996 |
| 245 10 - TITLE STATEMENT | |
| Title | Amsterdam |
| 260 3# - PUBLICATION, DISTRIBUTION, ETC. | |
| Place of publication, distribution, etc. | London : |
| Name of publisher, distributor, etc. | Dorling Kindersley, |
| Date of publication, distribution, etc. | 1996 |
| 300 ## - PHYSICAL DESCRIPTION | |
| Extent | 312 p. : |
| Other physical details | ill., maps ; |
| Dimensions | 22 cm. |
| 650 04 - SUBJECT ADDED ENTRY--TOPICAL TERM | |
| Topical term or geographic name entry element | Amsterdam -- Description and travel -- Guidebooks |
| 850 ## - HOLDING INSTITUTION | |
| Holding institution | NALT |
| 942 ## - ADDED ENTRY ELEMENTS (KOHA) | |
| Koha item type | General Book |
| 997 ## - | |
| -- | 000000000022436 |
| 998 ## - LOCAL CONTROL INFORMATION (RLIN) | |
| -- | นางสาวเบญจลักษณ์ สุทธิวิไล |
| Withdrawn status | Lost status | Damaged status | Not for loan | Collection code | Home library | Current library | Total Checkouts | Full call number | Barcode | Date last seen | Price effective from | Koha item type |
|---|---|---|---|---|---|---|---|---|---|---|---|---|
| General Book collection | National Assembly Library of Thailand | National Assembly Library of Thailand | DJ 411.A53 A47 1996 | 3961122098 | 09/06/2017 | 09/06/2017 | General Book |
